| Tag |
First Indicator |
Second Indicator |
Subfields |
| LEADER |
00000cam a2200000 a 4500 |
| 001 |
in00001596821 |
| 005 |
20210519112517.0 |
| 008 |
000510s2000 dcu b f000 0 eng d |
| 010 |
|
|
|a 00326077
|
| 035 |
|
|
|a (OCoLC)ocm43931814
|
| 037 |
|
|
|a 163462
|b GAO (202) 512-6000 (Voice); (202) 512-6061 (Fax)
|
| 040 |
|
|
|a GAO
|c DLC
|d GAO
|d GPO
|d DLC
|d MvI
|d UtOrBLW
|
| 042 |
|
|
|a lccopycat
|
| 043 |
|
|
|a n-us---
|
| 049 |
|
|
|a UMIC
|
| 050 |
0 |
0 |
|a KF1085
|b .U548 2000
|
| 074 |
|
|
|a 0546-D (online)
|
| 086 |
0 |
|
|a GA 1.13:GGD-00-89
|
| 088 |
|
|
|a GAO/GGD-00-89
|
| 088 |
|
|
|a B-284260
|
| 110 |
1 |
|
|a United States.
|b General Accounting Office.
|
| 245 |
1 |
0 |
|a CFTC and SEC :
|b issues related to the Shad-Johnson Jurisdictional Accord : report to congressional requesters /
|c United States General Accounting Office.
|
| 246 |
3 |
0 |
|a Issues related to the Shad-Johnson Jurisdictional Accord
|
| 264 |
|
1 |
|a Washington, D.C. (P.O. Box 37050, Washington 20548-0001) :
|b The Office,
|c [2000]
|
| 300 |
|
|
|a 47 pages ;
|c 28 cm.
|
| 336 |
|
|
|a text
|b txt
|2 rdacontent
|
| 337 |
|
|
|a unmediated
|b n
|2 rdamedia
|
| 338 |
|
|
|a volume
|b nc
|2 rdacarrier
|
| 500 |
|
|
|a Cover title.
|
| 500 |
|
|
|a Not distributed to depository libraries in a physical form.
|
| 500 |
|
|
|a "April 2000."
|
| 504 |
|
|
|a Includes bibliographical references.
|
| 500 |
|
|
|a "GAO/GGD-00-89."
|
| 500 |
|
|
|a "B-284260"--P. 1.
|
| 530 |
|
|
|a Available via Internet from the GPO Access web site. Address as of 1/4/01: http://frwebgate.access.gpo.gov/cgi-bin/getdoc.cgi?dbname=gao&docid=f:gg00089.pdf; current access is available via PURL.
|
| 650 |
|
0 |
|a Futures
|x Law and legislation
|z United States.
|
| 650 |
|
0 |
|a Derivative securities
|x Law and legislation
|z United States.
|
| 650 |
|
0 |
|a Futures
|z United States.
|
| 650 |
|
0 |
|a Derivative securities
|z United States.
|
| 856 |
4 |
1 |
|u https://purl.fdlp.gov/GPO/LPS7814
|z Adobe Acrobat Reader required
|t 0
|
| 999 |
|
|
|a MARS
|
| 999 |
f |
f |
|s 664a4d20-fb79-3f56-85a5-ca439b677b25
|i 4f50b4b7-8d72-31a2-b59a-f61428c382d3
|t 0
|
| 952 |
f |
f |
|a Texas A&M University
|b College Station
|c Electronic Resources
|d Available Online
|t 0
|e GA 1.13:GGD-00-89
|h Superintendent of Documents classification
|
| 998 |
f |
f |
|a GA 1.13:GGD-00-89
|t 0
|l Available Online
|